Word Ladder: Risky Form of Nordic Skiing Quiz Stats

 Plays Quiz Updated Feb 19, 2018

Challenge
Share
Tweet
Embed
Score 0/36 Timer 04:00
1 Play Today
Clue 4-Letter Word % Correct
Enjoy literatureREAD
95.2%
Opposite of up🎿 DOWN 🎿
94.5%
Oxidation on metalRUST
94.2%
Leap, spring into the air🎿 JUMP 🎿
93.9%
Payment for property useRENT
93.8%
Bridal dressGOWN
93.3%
Disney's first nameWALT
92.5%
Charge for bridge/roadTOLL
92.5%
Curfew for a vampireDAWN
92.4%
A divider of roomsWALL
92.2%
Cloth foot coveringSOCK
92%
Freedom from activityREST
91.7%
'Mad Max: Fury ____'ROAD
91.5%
Come into portDOCK
91.4%
Tear apart violentlyREND
90.7%
Fly high into the air🎿 SOAR 🎿
90.4%
Source of waterWELL
90.3%
A hired thugGOON
89.6%
Clue 4-Letter Word % Correct
Work the soilTILL
89%
Naturally raised land area🎿 HILL 🎿
88.7%
Washing machine cycleSOAK
88.5%
Have an itch forWANT
88.4%
Bugs or Elmer Fudd, e.g.TOON
87.8%
A geek, nerd or weenieDORK
87%
Infernal regionHELL
86.7%
Rod with powerWAND
86.3%
Type of steakRUMP
85.9%
Finish a flight🎿 LAND 🎿
85.5%
Savanna warningROAR
85.3%
Sloping surface🎿 RAMP 🎿
84.3%
Exclamation of annoyanceDARN
84.3%
Metal band of 'Ænima' (1996)TOOL
84.2%
Nyctophobe's fearDARK
83.5%
'Tom Sawyer' BandRUSH
80.3%
Calamine lotion targetRASH
79.5%
Make a grating soundRASP
77.1%

Today's Daily Dose

You're not logged in!

Compare scores with friends on all Sporcle quizzes.
OR
Log In

You Might Also Like...

Show Comments

Extras

Top Quizzes Today


Score Distribution

Your Account Isn't Verified!

In order to create a playlist on Sporcle, you need to verify the email address you used during registration. Go to your Sporcle Settings to finish the process.

Report this User

Report this user for behavior that violates our Community Guidelines.

Details: